000
00239nam a2200097Ia 4500
008
240331s9999 xx 000 0 und d
082
_b
WOM
100
_a
Rao, A. ed
245
0
_a
Women's studies international :
_b
nairobi and beyond
942
_c
L
999
_c
1824
_d
1824